|
|
|
|
| LEADER |
00735nab a2200205 i 4500 |
| 001 |
misc61550 |
| 005 |
20230301090435.0 |
| 008 |
221110s1955 hu o 0|| ger d |
| 040 |
|
|
|a SZTE Miscellanea Repozitórium
|b hun
|
| 041 |
|
|
|a ger
|
| 100 |
1 |
|
|a Müller Kurt
|
| 245 |
1 |
0 |
|a Gottfried Wilhelm Leibniz und Nicolaas Witsen
|h [elektronikus dokumentum] /
|c Müller Kurt
|
| 260 |
|
|
|a Akademie-Verlag
|b Berlin
|c 1955
|
| 300 |
|
|
|a 45 p.
|c 21 cm
|
| 561 |
|
|
|a Németh Gyula hagyaték
|
| 591 |
|
|
|a KEGY NOV 3962, J/75 N 3582
|
| 650 |
|
4 |
|a Bölcsészettudományok
|
| 650 |
|
4 |
|a Történettudomány és régészet
|
| 695 |
|
|
|a Gottfried Wilhelm Leibniz, Nicolaes Witsen
|
| 856 |
4 |
0 |
|u http://misc.bibl.u-szeged.hu/61550/1/3962_nov.pdf
|z Dokumentum-elérés
|